<?xml version="1.0" encoding="UTF-8"?><?xml-stylesheet type="text/xsl" href="static/style.xsl"?><OAI-PMH xmlns="http://www.openarchives.org/OAI/2.0/" xmlns:xsi="http://www.w3.org/2001/XMLSchema-instance" xsi:schemaLocation="http://www.openarchives.org/OAI/2.0/ http://www.openarchives.org/OAI/2.0/OAI-PMH.xsd"><responseDate>2026-04-17T02:17:03Z</responseDate><request verb="GetRecord" identifier="oai:www.recercat.cat:10459.1/83839" metadataPrefix="marc">https://recercat.cat/oai/request</request><GetRecord><record><header><identifier>oai:recercat.cat:10459.1/83839</identifier><datestamp>2024-12-05T22:20:40Z</datestamp><setSpec>com_2072_3622</setSpec><setSpec>col_2072_479130</setSpec></header><metadata><record xmlns="http://www.loc.gov/MARC21/slim" xmlns:dcterms="http://purl.org/dc/terms/" xmlns:xsi="http://www.w3.org/2001/XMLSchema-instance" xmlns:doc="http://www.lyncode.com/xoai" xsi:schemaLocation="http://www.loc.gov/MARC21/slim http://www.loc.gov/standards/marcxml/schema/MARC21slim.xsd">
   <leader>00925njm 22002777a 4500</leader>
   <datafield ind2=" " ind1=" " tag="042">
      <subfield code="a">dc</subfield>
   </datafield>
   <datafield ind2=" " ind1=" " tag="720">
      <subfield code="a">Rodríguez Domenech, María de los Ángeles</subfield>
      <subfield code="e">author</subfield>
   </datafield>
   <datafield ind2=" " ind1=" " tag="260">
      <subfield code="c">2022-09-21T08:03:36Z</subfield>
   </datafield>
   <datafield ind2=" " ind1=" " tag="260">
      <subfield code="c">2022-09-21T08:03:36Z</subfield>
   </datafield>
   <datafield ind2=" " ind1=" " tag="260">
      <subfield code="c">2022</subfield>
   </datafield>
   <datafield ind2=" " ind1=" " tag="520">
      <subfield code="a">En este período democrático, Ciudad Real, una ciudad media española,&#xd;
ha sufrido la transformación más importante de su historia, posicionándose como núcleo&#xd;
rector de su provincia, tanto demográfica como funcionalmente, con importantes&#xd;
manifestaciones urbanísticas. Nos cuestionamos qué ha pasado con la cultura del Plan&#xd;
General de Ordenación Urbanística (PGOU) como el instrumento para que la toma&#xd;
de decisiones relativas al modelo de ordenación urbano-territorial de nuestras ciudades&#xd;
haya perdido fuerza para proyectar la ciudad basándose en procedimientos fundamentados&#xd;
en la singularidad del proyecto. Las nuevas dinámicas y transformaciones urbanas&#xd;
sufridas en Ciudad Real y en los municipios de su corona de expansión ponen de&#xd;
manifiesto un cambio de paradigma urbano hacia los grandes proyectos y planificación&#xd;
estratégica en el modo de hacer ciudad.</subfield>
   </datafield>
   <datafield ind2=" " ind1=" " tag="520">
      <subfield code="a">In this last democratic period Ciudad Real, an average Spanish city, has&#xd;
undergone the most important transformation in its history, positioning itself as the&#xd;
guiding nucleus of its province, both demographically and functionally, with important&#xd;
urbanistic manifestations. We ask ourselves what has happened to the culture of the General&#xd;
Urban Development Plan (PGOU) as the instrument for making decisions regarding&#xd;
the urban-territorial planning model of our cities has lost strength to be based on&#xd;
projecting the city based on procedures based on the uniqueness of the project. The new&#xd;
urban dynamics and transformations undergone in Ciudad Real and its expansion area&#xd;
reveal a change of urban paradigm towards strategic plans in the way of making a city.</subfield>
   </datafield>
   <datafield ind1="8" ind2=" " tag="024">
      <subfield code="a">http://hdl.handle.net/10459.1/83839</subfield>
   </datafield>
   <datafield tag="653" ind2=" " ind1=" ">
      <subfield code="a">Ciudades medias</subfield>
   </datafield>
   <datafield tag="653" ind2=" " ind1=" ">
      <subfield code="a">Planificación urbana</subfield>
   </datafield>
   <datafield tag="653" ind2=" " ind1=" ">
      <subfield code="a">Planes de ordenación urbana</subfield>
   </datafield>
   <datafield tag="653" ind2=" " ind1=" ">
      <subfield code="a">Proyectos urbanos</subfield>
   </datafield>
   <datafield tag="653" ind2=" " ind1=" ">
      <subfield code="a">Proyectos estratégicos</subfield>
   </datafield>
   <datafield tag="653" ind2=" " ind1=" ">
      <subfield code="a">Medium-sized cities</subfield>
   </datafield>
   <datafield tag="653" ind2=" " ind1=" ">
      <subfield code="a">Urban planning</subfield>
   </datafield>
   <datafield tag="653" ind2=" " ind1=" ">
      <subfield code="a">Urban development plans</subfield>
   </datafield>
   <datafield tag="653" ind2=" " ind1=" ">
      <subfield code="a">Urban projects</subfield>
   </datafield>
   <datafield tag="653" ind2=" " ind1=" ">
      <subfield code="a">Strategic projects</subfield>
   </datafield>
   <datafield ind2="0" ind1="0" tag="245">
      <subfield code="a">Dinámicas y transformaciones urbanas recientes en Ciudad Real. De los PGOU al urbanismo de los proyectos estratégicos</subfield>
   </datafield>
   <datafield ind2="0" ind1="0" tag="245">
      <subfield code="a">Recent urban dynamics and transformations in Ciudad Real. From PGOUs to urbanism of strategic projects</subfield>
   </datafield>
</record></metadata></record></GetRecord></OAI-PMH>